000 00582nam a22002297a 4500
003 UA-OsUOA
001 49192
007 ta
008 20070925b un ||||| |||| 00| 0 ukr d
100 _aБажов П.
090 _a821.161.2
_bБ16
942 _cBK
040 _aUA-OsUOA
_bukr
_cUA-OsUOA
_dUA-OsUOA
245 _aМалахитовая шкатулка
300 _a350 с.
955 _a3
041 _aukr
080 _a821.161.2
260 _aМ.
_bГИХЛ
_c1952
650 7 _a82 Література. Літературознавство
_2UDC
999 _c335299
_d335299